000 01462cam a2200385 a 4500
001 14266848
003 OSt
005 20160824173531.0
008 060215s2007 maua b 001 0 eng
010 _a 2006042006
020 _a978-0-07-340497-4 (alk. paper)
020 _a0073404977 (alk. paper)
040 _aDLC
_cDLC
_dDLC
042 _apcc
043 _an-us---
050 0 0 _aHD62.5
_b.S75 2007
082 0 0 _aDC 658.11
_22007
_bR54n
100 _913640
_aRoberts, Michael J.
245 0 0 _aNew business ventures and the entrepreneur /
_cMichael J. Roberts ... [and four others].
250 _aSixth Edition
260 _aBoston, Mass. :
_bMcGraw-Hill,
_cc2007.
300 _ax, 697 pages ;
_billustrations ;
_c24 cm.
504 _aIncludes bibliographical references and index.
650 0 _aNew business enterprises.
650 0 _aNew business enterprises
_zUnited States.
700 _aStevenson, Howard H.
_913642
700 _aSahlman, William A.
_913644
700 _aMarshall, Paul W.
_913647
700 _aHamermesh, Richard G.
_913649
856 4 2 _3Publisher description
_uhttp://www.loc.gov/catdir/enhancements/fy0668/2006042006-d.html
856 4 1 _3Table of contents only
_uhttp://www.loc.gov/catdir/enhancements/fy0668/2006042006-t.html
906 _a7
_bcbc
_corignew
_d1
_eocip
_f20
_gy-gencatlg
942 _2ddc
_cDC
999 _c4106
_d4106